000 00534nam a2200169Ia 4500
003 GCL
008 140319s9999 xx 000 0 ara d
040 _aGCL /
_cGCL
082 0 4 _a251
_bا ك
100 1 _aابى زكريا يحى بن سعيد
245 1 0 _aكتاب الايضاح فى الاحكام /
_cابى زكريا يحى بن سعيد
490 _aكتاب
_v0
650 0 4 _aالاحكام الشرعية
650 0 4 _aالفقه الاسلامى
650 0 4 _aالفقه الاسلامى، اصول
942 _2ddc
_cBK
999 _c42339
_d42339